Score 0/20 Timer 05:00
2 Plays Today
% Correct
Darth Vader
94.2%
Captain Hook
93.3%
HAL 9000
89.4%
King Claudius
89.4%
Jack Torrance
88.8%
Nurse Ratched
87.8%
Hannibal Lecter
86.9%
Long John Silver
84.5%
Professor Moriarty
84.2%
Sauron
83.7%
% Correct
Freddy Krueger
80.9%
Wicked Witch of the West
80.3%
Annie Wilkes
79.4%
Keyser Söze
76.7%
Count Dracula
76.5%
Mrs. Danvers
73.7%
Agent Smith
67.6%
Uriah Heep
56.7%
Le Chiffre
56.4%
Mr. Potter
47.6%

You're not logged in!

Compare scores with friends on all Sporcle quizzes.
OR
Log In

Sporcle TV

Today on Sporcle TV


Watch our educational content, quiz creation guides, and fun videos on Sporcle TV.

Show Comments

Extras

Top Quizzes Today


Score Distribution

Paid Content

Your Account Isn't Verified!

In order to create a playlist on Sporcle, you need to verify the email address you used during registration. Go to your Sporcle Settings to finish the process.

Report this User

Report this user for behavior that violates our Community Guidelines.

Details: